Principios de economía un tratado de introducción (Registro nro. 77368)
[ vista simple ]
| 000 -ENCABEZADO | |
|---|---|
| Número de control [NR] | 01129nam a2200289Ia 4500 |
| 005 - FECHA Y HORA DE LA ÚLTIMA TRANSACCIÓN | |
| control field | 20240527151456.0 |
| 008 - DE LONGITUD FIJA DE DATOS DE ELEMENTOS - INFORMACIÓN GENERAL | |
| Elementos de longitud fija [NR] | 130821s1948 sp a gr spa |
| 040 ## - FUENTE DE CATALOGACION [NR] | |
| Agencia de catalogación original [NR] | Co-BoUCM |
| Idioma de catalogación [NR] | spa |
| Quien Cataloga | David Moreno (modificó) |
| Quien Clasifica | David Moreno (modificó) |
| 041 00 - CODIGO DE IDIOMA [R] | |
| Código de idioma para texto/pista de sonido o título separado [R] | Español |
| 100 1# - ASIENTO PRINCIPAL--NOMBRE PERSONAL [NR] | |
| Nombre personal [NR] | Marshall, Alfred |
| Fechas asociadas con el nombre [NR] | 1842-1924 |
| ID Autoridad | 62799 |
| 245 10 - MENCION DE TITULO [NR] | |
| Título [NR] | Principios de economía un tratado de introducción |
| Mención de responsabilidad, etc. [NR] | Alfred Marshall ; traducción directa de la 8a. ed. inglesa, por Emilio de Figueroa ; introducción por Manuel de Torres |
| 260 ## - PUBLICACION, DISTRIBUCION, ETC. (PIE DE IMPRENTA) [R] | |
| Lugar de publicación, distribución, etc. [R] | Madrid (España) |
| Nombre del editor, distribuidor, etc. [R] | M. Aguilar |
| Fecha de publicación, distribución, etc. [R] | 1948 |
| 300 ## - DESCRIPCION FISICA [R] | |
| Extensión [R] | xlviii, 738 Páginas |
| Otros detalles físicos [NR] | ilustraciones |
| 490 #0 - MENCION DE SERIE [R] | |
| Mención de serie [R] | Biblioteca de ciencias económicas, políticas y sociales |
| 500 ## - NOTA GENERAL [R] | |
| Nota general [NR] | Incluye índice. |
| 650 ## - ASIENTO SECUNDARIO DE MATERIA - TERMINO TEMATICO [R] | |
| Término temático o nombre geográfico como elemento de entrada [NR] | Capital |
| 9 (RLIN) | 10454 |
| 650 ## - ASIENTO SECUNDARIO DE MATERIA - TERMINO TEMATICO [R] | |
| Término temático o nombre geográfico como elemento de entrada [NR] | Distribución del ingreso |
| 9 (RLIN) | 13459 |
| 650 ## - ASIENTO SECUNDARIO DE MATERIA - TERMINO TEMATICO [R] | |
| Término temático o nombre geográfico como elemento de entrada [NR] | Economía |
| 9 (RLIN) | 174 |
| 650 ## - ASIENTO SECUNDARIO DE MATERIA - TERMINO TEMATICO [R] | |
| Término temático o nombre geográfico como elemento de entrada [NR] | Oferta y demanda |
| 9 (RLIN) | 20709 |
| 650 ## - ASIENTO SECUNDARIO DE MATERIA - TERMINO TEMATICO [R] | |
| Término temático o nombre geográfico como elemento de entrada [NR] | Producción |
| 9 (RLIN) | 22424 |
| 650 ## - ASIENTO SECUNDARIO DE MATERIA - TERMINO TEMATICO [R] | |
| Término temático o nombre geográfico como elemento de entrada [NR] | Riqueza |
| 9 (RLIN) | 23818 |
| 700 1# - ASIENTO SECUNDARIO - NOMBRE PERSONAL [R] | |
| Nombre personal [NR] | Figueroa, Emilio de |
| 9 (RLIN) | 114243 |
| 700 1# - ASIENTO SECUNDARIO - NOMBRE PERSONAL [R] | |
| Nombre personal [NR] | Torres, Manuel de |
| 9 (RLIN) | 111073 |
| 765 1# - ASIENTO DE IDIOMA ORIGINAL [R] | |
| Título [NR] | Principles of economics |
| 942 ## - ELEMENTOS DE ENTRADA AGREGADOS (KOHA) | |
| Tipo de ítem principal el descrito en 300a | Libro |
| Tema principal | Economía |
| Edición | 1 |
| Parte restante de la signatura top. | M367p |
| Sistema de clasificación | DEWEY |
| Clasificación | 330 |
| Título oculto en OPAC | No |
| Fecha de último préstamo | Total préstamos | Total Renewals | Signatura topográfica | Código de barras | Última vez visto | Ejemplar | Costo de reposición | Price effective from | Tipo de ítem | Nota pública (OPAC) | Perdido | Sistema de clasificación | Dañado | No prestable | Tipo de ítem específico | Suprimido | Ubicación habitual | Ubicación actual | Localización | Fecha de creación | Forma de adquisición |
|---|---|---|---|---|---|---|---|---|---|---|---|---|---|---|---|---|---|---|---|---|---|
| 16/09/2023 | 7 | 6 | 330 M367p | 100122084 | 04/12/2025 | Ej.1 | 26000.00 | 03/02/2013 | Libro | Galería de donantes - Álvaro Daza Roa | DEWEY | Libro | Claustro | Claustro | 3er piso | 30/09/2011 | Donación |